Statistics for British sweets and chocolate #3

Click here to take the quiz!

General Stats

  • This quiz has been taken 1,032 times
  • The average score is 10 of 15

Answer Stats

QuestionAnswer% Correct
Which of these has red packaging?Kit Kat
93%
Which of these sweets are chewy?Maom
89%
Which of these are you often giving at restraurants when you pay the bill?After Eight
85%
Which of these sweets come in individual packaging within the main packaging?Starburst
85%
Which of these sweets are circular?Fruit Pastilles
83%
Which of these are a retro 70s and 80s classic sweet?Sherbet Fountain
77%
Which one of these sweets has two flavours in the same sweet?Squishies
74%
Which of these is a real bar?Fry's Peppermint Cream
72%
Which of these is a box full of chocolate manufactured by cadbury?Milk Tray
70%
Which of these do they sell at Ikea UK?Diam
67%
Which of these are individual chocolate coated sweets?Munchies
67%
What sweet is a aniseed flavoured chew?Black Jack
61%
Which chocolate bar is made by nestle?Lion
49%
Which of these sweets are produced by Barrets?Fruit Salad
35%
Which of these has 185 calories in 1 bar?Fry's Turkish Delight
35%

Score Distribution

Percentile by Number Answered

Percent of People with Each Score

Your Score History

You have not taken this quiz